[Event "BCF-chT1a 1718 (4NCL)"]
[Site "England"]
[Date "2018.01.13"]
[Round "3.28"]
[White "James, Ann Marie"]
[Black "Sucikova, Svetlana"]
[Result "0-1"]
[WhiteElo "2042"]
[BlackElo "2106"]
[PlyCount "66"]
[EventDate "2017.11.11"]
[EventType "team-swiss"]
[EventRounds "11"]
[EventCountry "ENG"]
[SourceTitle "EXT 2019"]
[Source "ChessBase"]
[SourceDate "2018.10.10"]
[SourceVersion "1"]
[SourceVersionDate "2018.10.10"]
[SourceQuality "1"]
[WhiteTeam "The ADS"]
[BlackTeam "White Rose"]
[WhiteTeamCountry "ENG"]
[BlackTeamCountry "ENG"]

1. e4 c6 2. d4 d5 3. exd5 cxd5 4. c4 Nf6 5. Nc3 Nc6 6. Nf3 e6 7. Bd3 Be7 8. 0-0 0-0 9. Re1 a6 10. a3 dxc4 11. Bxc4 b5 12. Ba2 Qc7 13. Qe2 Rd8 14. Rd1 b4 15. axb4 Nxb4 16. Bc4 Bb7 17. Ne5 Nfd5 18. Qh5 Bf6 19. Nxd5 Bxd5 20. Bxd5 Rxd5 21. Bf4 Qb7 22. Qf3 Rad8 23. Rac1 Bxe5 24. dxe5 Nd3 25. Re1 Nxe1 26. Rxe1 Qb4 27. Rf1 Qxb2 28. h3 a5 29. Re1 a4 30. Qg4 Qb4 31. Rc1 a3 32. Qg3 Qb2 33. Bg5 Qxc1+ 0-1

[Event "BCF-chT1d 1415 (4NCL) Demotion pool"]
[Site "England"]
[Date "2015.05.03"]
[Round "10.188"]
[White "James, Ann Marie"]
[Black "Norinkeviciute, Rasa"]
[Result "0-1"]
[WhiteElo "2125"]
[BlackElo "2024"]
[PlyCount "88"]
[EventDate "2014.11.15"]
[EventType "team-tourn"]
[EventRounds "4"]
[EventCountry "ENG"]
[SourceTitle "EXT 2023"]
[Source "ChessBase"]
[SourceDate "2022.10.05"]
[SourceVersion "1"]
[SourceVersionDate "2022.10.05"]
[SourceQuality "1"]
[WhiteTeam "Warwicks Select"]
[BlackTeam "e2e4.org.uk"]
[WhiteTeamCountry "ENG"]
[BlackTeamCountry "ENG"]

1. e4 c5 2. c3 d5 3. exd5 Qxd5 4. d4 g6 5. Nf3 Bg7 6. Nbd2 cxd4 7. Bc4 Qh5 8. Qb3 Nh6 9. cxd4 0-0 10. Ne4 Nc6 11. Ng3 Qg4 12. h3 Qd7 13. Bb5 Nxd4 14. Nxd4 Qxd4 15. 0-0 Nf5 16. Ne2 Qb6 17. Qa4 a6 18. Bc4 Qc5 19. Bb3 b5 20. Qe4 Qa7 21. Bd5 Nd6 22. Qf3 Bb7 23. Be3 Bxd5 24. Qxd5 Qb7 25. Qxb7 Nxb7 26. Bd4 Rac8 27. a4 b4 28. Rac1 Bxd4 29. Nxd4 Nc5 30. Rc4 Nd3 31. Nc6 Kg7 32. b3 Rc7 33. f4 Rfc8 34. Na5 Rxc4 35. Nxc4 Nc5 36. Rf3 Nxb3 37. Nb6 Rc3 38. Nd5 Rxf3 39. gxf3 a5 40. Kf2 Nc5 41. Ke3 Nxa4 42. Kd3 e6 43. Ne3 Nb6 44. Nc2 Nd5 0-1

[Event "BCF-chT2a 1314 (4NCL)"]
[Site "England"]
[Date "2014.03.22"]
[Round "7.13"]
[White "Redman, David J"]
[Black "James, Ann Marie"]
[Result "1/2-1/2"]
[WhiteElo "1803"]
[BlackElo "2068"]
[PlyCount "51"]
[EventDate "2013.11.16"]
[EventType "team-swiss"]
[EventRounds "11"]
[EventCountry "ENG"]
[SourceTitle "EXT 2015"]
[Source "ChessBase"]
[SourceDate "2014.11.20"]
[SourceVersion "1"]
[SourceVersionDate "2014.11.20"]
[SourceQuality "1"]
[WhiteTeam "Poisoned Pawns"]
[BlackTeam "Warwicks Select"]
[WhiteTeamCountry "ENG"]
[BlackTeamCountry "ENG"]

1. d4 Nf6 2. c4 e6 3. Nf3 d5 4. Nc3 Bb4 5. Bd2 0-0 6. e3 c5 7. a3 cxd4 8. Nxd4 Be7 9. cxd5 exd5 10. Be2 Nc6 11. Ncb5 Ne4 12. Rc1 Bf6 13. Nxc6 bxc6 14. Nc3 Rb8 15. Nxe4 dxe4 16. Bb4 Qxd1+ 17. Bxd1 Rd8 18. Rxc6 Bd7 19. Rc4 Bxb2 20. Be7 Bb5 21. Rc2 Ba4 22. Bxd8 Bxc2 23. Bxc2 Rxd8 24. Bxe4 Bxa3 25. Ke2 Bc5 26. Rd1 1/2-1/2

[Event "BCF-chT2a 1314 (4NCL)"]
[Site "England"]
[Date "2013.11.17"]
[Round "2.15"]
[White "Gregory, Keith D"]
[Black "James, Ann Marie"]
[Result "1/2-1/2"]
[WhiteElo "2035"]
[BlackElo "2061"]
[PlyCount "61"]
[EventDate "2013.11.16"]
[EventType "team-swiss"]
[EventRounds "11"]
[EventCountry "ENG"]
[SourceTitle "CBM 157 Extra"]
[Source "ChessBase"]
[SourceDate "2013.12.19"]
[SourceVersion "1"]
[SourceVersionDate "2013.12.19"]
[SourceQuality "1"]
[WhiteTeam "Wessex"]
[BlackTeam "Warwicks Select"]
[WhiteTeamCountry "ENG"]
[BlackTeamCountry "ENG"]

1. Nf3 d5 2. c4 e6 3. g3 Nf6 4. Bg2 Be7 5. 0-0 0-0 6. d4 dxc4 7. Na3 c5 8. Nxc4 Nc6 9. dxc5 Bxc5 10. a3 h6 11. b4 Be7 12. Bb2 Bd7 13. Rc1 Be8 14. Qb3 b5 15. Nce5 Qb6 16. Nxc6 Bxc6 17. Bd4 Qb7 18. Qb2 Bd5 19. Rfe1 Rfd8 20. Be5 Rac8 21. Rxc8 Rxc8 22. Rc1 Rxc1+ 23. Qxc1 Nd7 24. Qc7 Qxc7 25. Bxc7 Bf6 26. Ne1 Bxg2 27. Kxg2 Ne5 28. Bxe5 Bxe5 29. Nd3 Bc3 30. e4 Kf8 31. f3 1/2-1/2

[Event "West Bromwich e2e4 op"]
[Site "West Bromwich"]
[Date "2013.01.27"]
[Round "4"]
[White "James, Ann Marie"]
[Black "Hebden, Mark"]
[Result "0-1"]
[WhiteElo "2051"]
[BlackElo "2548"]
[PlyCount "76"]
[EventDate "2013.01.25"]
[EventType "swiss"]
[EventRounds "5"]
[EventCountry "ENG"]
[SourceTitle "CBM 152 Extra"]
[Source "ChessBase"]
[SourceDate "2013.02.25"]
[SourceVersion "1"]
[SourceVersionDate "2013.02.25"]
[SourceQuality "1"]

1. e4 e5 2. Nf3 Nc6 3. Bb5 a6 4. Ba4 Nf6 5. 0-0 Be7 6. d3 b5 7. Bb3 d6 8. c3 0-0 9. Re1 Na5 10. Bc2 c5 11. d4 Qc7 12. Nbd2 cxd4 13. cxd4 Nc6 14. d5 Nb4 15. Bb1 a5 16. h3 Na6 17. Nf1 Nc5 18. Bd3 Bd7 19. Ng3 Nxd3 20. Qxd3 Rfc8 21. Re2 Qc4 22. Ne1 Qxd3 23. Nxd3 b4 24. a4 Rc4 25. f3 g6 26. Nf1 b3 27. Ra3 Rb8 28. Bd2 Bd8 29. Kh2 Rxa4 30. Rxa4 Bxa4 31. Bc3 Bb5 32. Rd2 Rc8 33. Ne3 Nd7 34. g3 a4 35. Nb4 Bg5 36. Nc6 Bxc6 37. dxc6 Rxc6 38. Re2 Rxc3 0-1

[Event "BCF-chT 0607 (4NCL)"]
[Site "Sunningdale"]
[Date "2007.01.14"]
[Round "6.8"]
[White "Roberson, Peter T"]
[Black "James, Ann Marie"]
[Result "1-0"]
[WhiteElo "2202"]
[BlackElo "2063"]
[PlyCount "127"]
[EventDate "2006.09.16"]
[EventType "team"]
[EventRounds "11"]
[EventCountry "ENG"]
[SourceTitle "EXT 2008"]
[Source "ChessBase"]
[SourceDate "2007.11.25"]
[SourceVersion "1"]
[SourceVersionDate "2007.11.25"]
[SourceQuality "1"]
[WhiteTeam "Slough Sharks"]
[BlackTeam "Bristol"]
[WhiteTeamCountry "ENG"]
[BlackTeamCountry "ENG"]

1. e4 e5 2. Nf3 Nc6 3. Bb5 Bc5 4. 0-0 Nf6 5. Nxe5 Nxe5 6. d4 Bd6 7. dxe5 Bxe5 8. f4 Bd6 9. Nc3 c6 10. Qxd6 Qb6+ 11. Kh1 cxb5 12. Qxb6 axb6 13. Nxb5 0-0 14. Nd6 Ne8 15. Nc4 Ra6 16. Bd2 b5 17. Ne5 Nf6 18. Rfe1 Re8 19. a3 d6 20. Nf3 Nxe4 21. Nd4 Bd7 22. Bb4 Raa8 23. Kg1 d5 24. Rad1 Rad8 25. h3 h5 26. c3 g6 27. Re3 Kg7 28. Nb3 Bc6 29. Ba5 Ra8 30. Bb6 Nd6 31. Nd2 Rxe3 32. Bxe3 Re8 33. Kf2 Nc4 34. Nxc4 dxc4 35. Rd6 Kh7 36. g4 hxg4 37. hxg4 Re7 38. Rd8 Re8 39. Rd2 f5 40. g5 Kg7 41. Rd6 Rg8 42. Bd4+ Kf7 43. Be5 Be4 44. Ke3 Ke7 45. Rf6 Bc6 46. Kd4 Rd8+ 47. Kc5 Be8 48. Kb6 Rd5 49. Kxb7 Rd7+ 50. Ka6 Rd2 51. Kb6 Rxb2 52. Kc7 Bf7 53. Rb6 Be8 54. Rd6 Ra2 55. Rf6 Bf7 56. Rb6 Be8 57. Bd4 Re2 58. Rf6 Bf7 59. Bc5+ Ke8 60. Rb6 Bd5 61. Rxb5 Kf7 62. Rb6 Re8 63. Rd6 Be6 64. Rd8 1-0

[Event "South Wales op 3rd"]
[Site "Caerleon"]
[Date "2006.07.12"]
[Round "7.16"]
[White "James, Ann Marie"]
[Black "Kirby, Peter J"]
[Result "1/2-1/2"]
[WhiteElo "2082"]
[BlackElo "2051"]
[PlyCount "70"]
[EventDate "2006.07.08"]
[EventType "swiss"]
[EventRounds "9"]
[EventCountry "WLS"]
[SourceTitle "CBM 113 Extra"]
[Source "ChessBase"]
[SourceDate "2006.09.14"]
[SourceVersion "1"]
[SourceVersionDate "2006.09.14"]
[SourceQuality "1"]

1. e4 c5 2. c3 Nf6 3. e5 Nd5 4. d4 cxd4 5. cxd4 d6 6. Nf3 e6 7. Bc4 Nc6 8. 0-0 Be7 9. Qe2 0-0 10. a3 Na5 11. Ba2 a6 12. Nbd2 Bd7 13. Re1 Rc8 14. Qe4 Nb6 15. Bb1 g6 16. Nf1 Bc6 17. Qf4 Nb3 18. Ra2 Bxf3 19. gxf3 Nd5 20. Qh6 Nxc1 21. Rxc1 Rxc1 22. Qxc1 Bg5 23. Qe1 Nf4 24. b4 Qd7 25. Nd2 d5 26. Nb3 Qe7 27. Kh1 b6 28. Qf1 Qb7 29. Bd3 Nxd3 30. Qxd3 Rc8 31. Rc2 Bf4 32. a4 Kg7 33. a5 Rxc2 34. Qxc2 bxa5 35. bxa5 Qb5 1/2-1/2

[Event "South Wales op 3rd"]
[Site "Caerleon"]
[Date "2006.07.09"]
[Round "3.15"]
[White "Hurn, Robert AJ"]
[Black "James, Ann Marie"]
[Result "0-1"]
[WhiteElo "1690"]
[BlackElo "2082"]
[PlyCount "94"]
[EventDate "2006.07.08"]
[EventType "swiss"]
[EventRounds "9"]
[EventCountry "WLS"]
[SourceTitle "CBM 113 Extra"]
[Source "ChessBase"]
[SourceDate "2006.09.14"]
[SourceVersion "1"]
[SourceVersionDate "2006.09.14"]
[SourceQuality "1"]

1. e4 e5 2. Nf3 Nc6 3. Bb5 Bc5 4. 0-0 Nf6 5. c3 0-0 6. d4 Bb6 7. Re1 d6 8. Bg5 h6 9. Bh4 Qe7 10. d5 Nb8 11. Nbd2 a6 12. Ba4 Nbd7 13. b4 Rd8 14. Qc2 g5 15. Bg3 Nh5 16. Nf1 Ndf6 17. Ne3 Ng4 18. Nxg4 Bxg4 19. Qd3 Rf8 20. Bd1 f5 21. exf5 Bxf5 22. Qd2 Nxg3 23. hxg3 Qf6 24. a4 Rae8 25. a5 Ba7 26. Ra2 Re7 27. Rf1 e4 28. Nd4 Bd7 29. Ne6 e3 30. Qd3 exf2+ 31. Kh1 Qf5 32. Qd2 g4 33. Nf4 Bb5 34. Rxf2 Bxf2 35. Bc2 Qe5 36. Qxf2 Qe1+ 37. Qxe1 Rxe1+ 38. Kh2 Rxf4 39. gxf4 Re2 40. Bh7+ Kxh7 41. Rxe2 Bxe2 42. Kg3 Kg6 43. Kf2 Bc4 44. g3 Kf5 45. Ke3 Bxd5 46. Kd4 Bf3 47. c4 h5 0-1

[Event "BCF-chT2 0506 (4NCL)"]
[Site "Birmingham"]
[Date "2005.10.23"]
[Round "2.8"]
[White "James, Ann Marie"]
[Black "Yurenok, Maria S"]
[Result "1/2-1/2"]
[WhiteElo "2082"]
[BlackElo "2072"]
[PlyCount "47"]
[EventDate "2005.10.22"]
[EventType "team"]
[EventRounds "11"]
[EventCountry "ENG"]
[SourceTitle "EXT 2007"]
[Source "ChessBase"]
[SourceDate "2006.11.23"]
[SourceVersion "1"]
[SourceVersionDate "2006.11.23"]
[SourceQuality "1"]
[WhiteTeam "Bristol"]
[BlackTeam "Guildford III"]
[WhiteTeamCountry "ENG"]
[BlackTeamCountry "ENG"]

1. e4 c5 2. c3 b6 3. d4 Bb7 4. Bd3 Nf6 5. f3 e6 6. Ne2 Be7 7. 0-0 cxd4 8. cxd4 0-0 9. Nbc3 d6 10. Be3 Nc6 11. Rc1 Rc8 12. Qe1 e5 13. Bb1 Ba6 14. Qd2 exd4 15. Bxd4 Nxd4 16. Qxd4 d5 17. Qa4 Bxe2 18. Nxe2 dxe4 19. Rxc8 Qxc8 20. Bxe4 Nxe4 21. Qxe4 Bc5+ 22. Kh1 Re8 23. Qc2 Qe6 24. Nc3 1/2-1/2

[Event "BCF-chT2 0506 (4NCL)"]
[Site "Birmingham"]
[Date "2005.10.22"]
[Round "1.8"]
[White "Norman, Dinah M"]
[Black "James, Ann Marie"]
[Result "1/2-1/2"]
[WhiteElo "2017"]
[BlackElo "2082"]
[PlyCount "135"]
[EventDate "2005.10.22"]
[EventType "team"]
[EventRounds "11"]
[EventCountry "ENG"]
[SourceTitle "EXT 2007"]
[Source "ChessBase"]
[SourceDate "2006.11.23"]
[SourceVersion "1"]
[SourceVersionDate "2006.11.23"]
[SourceQuality "1"]
[WhiteTeam "Wessex"]
[BlackTeam "Bristol"]
[WhiteTeamCountry "ENG"]
[BlackTeamCountry "ENG"]

1. d4 d5 2. Nf3 Nf6 3. e3 g6 4. c4 dxc4 5. Bxc4 Bg7 6. Nc3 0-0 7. 0-0 c5 8. dxc5 Qc7 9. e4 Qxc5 10. Qb3 Nc6 11. Qb5 Qxb5 12. Bxb5 Bd7 13. h3 a6 14. Be2 b5 15. a3 Be6 16. Be3 Na5 17. Nd4 Bc4 18. Rfe1 Rac8 19. Rad1 Bxe2 20. Ndxe2 Nc4 21. Bc1 Rfd8 22. f3 Nd7 23. Nd5 Kf8 24. b3 Na5 25. b4 Nc4 26. Kf2 e6 27. Ne3 Nde5 28. Rxd8+ Rxd8 29. Rd1 Rxd1 30. Nxd1 Nd3+ 31. Kf1 Nxc1 32. Nxc1 Nxa3 33. Ke2 Nc2 34. Nd3 Ke7 35. Kd2 Na3 36. Nc5 Nc4+ 37. Kc2 a5 38. bxa5 Nxa5 39. Nd3 Nc4 40. Kb3 Kd6 41. Kb4 Kc6 42. Kb3 h5 43. Kb4 h4 44. Kb3 g5 45. Kb4 f5 46. exf5 exf5 47. Kb3 Kd5 48. Nb4+ Kd4 49. Nc3 Ne3 50. Ne2+ Kc5 51. Nd3+ Kc6 52. g3 Nf1 53. gxh4 Nd2+ 54. Kc2 Nxf3 55. hxg5 Nxg5 56. Nef4 Ne4 57. h4 Nc3 58. h5 Nd5 59. Ne6 Bh8 60. Kb3 Kd6 61. Nef4 Bg7 62. Nxd5 Kxd5 63. Nf4+ Kc6 64. Ne6 Be5 65. h6 Kd6 66. Ng5 Kc5 67. h7 Kd5 68. Kb4 1/2-1/2